Normal view MARC view
  • Jamʻīyat al-Ikhwān al-Muslimīn (Egypt)

Entry Corporate Name

Number of records used in: 3

001 - CONTROL NUMBER

  • control field: 38595

003 - CONTROL NUMBER IDENTIFIER

  • control field: OSt

005 - DATE AND TIME OF LATEST TRANSACTION

  • control field: 20151028120908.0

008 - FIXED-LENGTH DATA ELEMENTS

  • fixed length control field: 151028|| aca||aabn | a|a d

040 ## - CATALOGING SOURCE

  • Original cataloging agency: OSt

110 2# - HEADING--CORPORATE NAME

  • Corporate name or jurisdiction name as entry element: Jamʻīyat al-Ikhwān al-Muslimīn (Egypt)

410 2# - SEE FROM TRACING--CORPORATE NAME

  • Corporate name or jurisdiction name as entry element: Moslem Brotherhood (Egypt)

410 2# - SEE FROM TRACING--CORPORATE NAME

  • Corporate name or jurisdiction name as entry element: Muslim Brotherhood (Egypt)

410 2# - SEE FROM TRACING--CORPORATE NAME

  • Corporate name or jurisdiction name as entry element: Society of the Muslim Brothers (Egypt)

410 2# - SEE FROM TRACING--CORPORATE NAME

  • Corporate name or jurisdiction name as entry element: Ikhwān al-Muslimūn (Egypt)

410 2# - SEE FROM TRACING--CORPORATE NAME

  • Corporate name or jurisdiction name as entry element: Moslem Brothers (Egypt)

410 2# - SEE FROM TRACING--CORPORATE NAME

  • Corporate name or jurisdiction name as entry element: جماعة الإخوان المسلمين (Egypt)

410 2# - SEE FROM TRACING--CORPORATE NAME

  • Corporate name or jurisdiction name as entry element: جمعيات الإخوان المسلمين (مصر)